000 00310nam a2200145Ia 4500
100 _aSabot/Gary W
942 _cRB
654 _aComputer
245 _aHigh Performance Computing
260 _bAddison Wesley Pub
_aNew york
_c1995
082 _a4.2
_bSAB
300 _a246
546 _aENGLISH
999 _c21533
_d21533